Statistiques concernant Les primarque de Warhammer

Cliquez ici pour prendre le quiz!

Statistiques générales

  • Ce quiz a été pris 186 fois
  • Le résultat moyen est 11 sur 18

Statistiques - réponses

HintRéponse% Correct
Sons of HorusHorus
85%
UltramarinesRoboute Guilliman
81%
World EatersAngron
73%
Death GuardMortarion
71%
Imperial FistsRogal Dorn
65%
Thousand SonsMagnus le rouge
62%
Emperor's ChildrenFulgrim
61%
Space WolvesLeman Russ
61%
Blood AngelsSanguinius
60%
Iron WarriorsPerturabo
55%
SalamandersVulkan
54%
White ScarsJaghatai Khan
51%
Iron HandsFerrus Manus
50%
Word BearersLorgar
49%
Dark AngelsLion El'Jonson
48%
Alpha LegionAlpharius Omegon
45%
Raven GuardCorax
43%
Night LordsKonrad Curze
36%

Distribution des résultats

Percentile par nombre de réponses

% des personnes avec chaque résultat

Votre développement - résultats

Vous n’avez pas pris ce quiz